<?xml version="1.0" encoding="UTF-8"?>
<collection xmlns="http://www.loc.gov/MARC21/slim">
    <record>
        <controlfield tag="001">64670</controlfield>
        <controlfield tag="005">20180207125354.0</controlfield>
        <datafield tag="037" ind1=" " ind2=" ">
            <subfield code="a">TAZ-TFM-2017-362</subfield>
        </datafield>
        <datafield tag="041" ind1=" " ind2=" ">
            <subfield code="a">spa</subfield>
        </datafield>
        <datafield tag="100" ind1="1" ind2=" ">
            <subfield code="a">Oliver Forniés, Pablo</subfield>
        </datafield>
        <datafield tag="242" ind1="0" ind2="0">
            <subfield code="a">Optimal positive end-expiratory pressure register during one-lung ventilation in thoracic surgery</subfield>
        </datafield>
        <datafield tag="245" ind1="0" ind2="0">
            <subfield code="a">Elaboración de un registro de la peep óptima aplicada durante la ventilación unipulmonar en cirugía torácica</subfield>
        </datafield>
        <datafield tag="260" ind1=" " ind2=" ">
            <subfield code="a">Zaragoza</subfield>
            <subfield code="b">Universidad de Zaragoza</subfield>
            <subfield code="c">2017</subfield>
        </datafield>
        <datafield tag="500" ind1=" " ind2=" ">
            <subfield code="a">Aporta en secretaría de la Facultad de Medicina material física. Resumen disponible en inglés</subfield>
        </datafield>
        <datafield tag="506" ind1=" " ind2=" ">
            <subfield code="a">by-nc-sa</subfield>
            <subfield code="b">Creative Commons</subfield>
            <subfield code="c">3.0</subfield>
            <subfield code="u">http://creativecommons.org/licenses/by-nc-sa/3.0/</subfield>
        </datafield>
        <datafield tag="520" ind1=" " ind2=" ">
            <subfield code="a">Introducción y objetivos: En cirugía torácica, existe un riesgo de complicaciones respiratorias postoperatorias del 20%. El empleo de un volumen corriente bajo, de presión positiva al final de la espiración (PEEP) y de maniobras de reclutamiento (MRA) intermitentes constituye una estrategia de ventilación mecánica protectora que disminuye la incidencia de atelectasias y de lesión pulmonar aguda y optimiza la oxigenación del paciente. Se ha estudiado que el método más adecuado de ajustar el nivel de PEEP consiste en un ajuste individualizado a través de la monitorización de la compliancia pulmonar. No obstante, según las últimas investigaciones no hay consenso entre el uso de un nivel estándar o individualizado de PEEP durante la ventilación unipulmonar (VUP). Objetivos: Disponer de un registro de la PEEP óptima tras la MRA durante la VUP realizada según práctica anestésica habitual y conocer si existe relación entre el nivel de PEEP óptima y diferentes características físicas, ventilatorias y gasométricas. Material y métodos: Se registraron prospectivamente 129 pacientes intervenidos de cirugía torácica bajo anestesia general con VUP, MRA y ajuste de la PEEP óptima. Preoperatoriamente, se obtuvieron pruebas funcionales respiratorias y gasometría. Intraoperatoriamente, se calculó el nivel de PEEP óptima y otros parámetros ventilatorios. Resultados: En la muestra, se observó un nivel de PEEP óptima de 10 cmH2O ± 2 cmH2O (Me±RI). Se encontró que la variable PEEP óptima se correlaciona de manera estadísticamente significativa y de forma directamente proporcional con las variables Peso real (kg) (ρ=0,324, p&lt;0,001), IMC (kg/m2) (ρ=0,303 y p=0,001) y Mejor Crs (cmH2O) (ρ=0,237 y p=0,008) e inversamente proporcional con la PaO2 (mmHg) (ρ=-0,443 y p=0,03). Se observaron diferencias significativas entre los niveles de PEEP, de Crs y de DP basales y tras la MRA (p&lt;0,001).  Conclusiones: Se observó una asociación directamente proporcional entre la variable PEEP óptima con el peso real, el IMC y la mejor Crs, e inversamente proporcional con la PaO2. Tras la MRA, se optimizó de la PEEP, la Crs y la DP en los pacientes. Se recomienda la elaboración de nuevos estudios con muestras de mayor tamaño, para alcanzar la significación estadística con otras variables independientes.</subfield>
        </datafield>
        <datafield tag="521" ind1=" " ind2=" ">
            <subfield code="a">Máster Universitario en Iniciación a la Investigación en Medicina</subfield>
        </datafield>
        <datafield tag="540" ind1=" " ind2=" ">
            <subfield code="a">Derechos regulados por licencia Creative Commons</subfield>
        </datafield>
        <datafield tag="700" ind1=" " ind2=" ">
            <subfield code="a">Gallego Ligorit, Lucía</subfield>
            <subfield code="e">dir.</subfield>
        </datafield>
        <datafield tag="700" ind1=" " ind2=" ">
            <subfield code="a">Santabárbara Serrano, Javier</subfield>
            <subfield code="e">dir.</subfield>
        </datafield>
        <datafield tag="710" ind1="2" ind2=" ">
            <subfield code="a">Universidad de Zaragoza</subfield>
            <subfield code="b"> </subfield>
            <subfield code="c"></subfield>
        </datafield>
        <datafield tag="856" ind1="0" ind2=" ">
            <subfield code="f">610562@celes.unizar.es</subfield>
        </datafield>
        <datafield tag="856" ind1="4" ind2=" ">
            <subfield code="s">2284991</subfield>
            <subfield code="u">http://zaguan.unizar.es/record/64670/files/TAZ-TFM-2017-362_ANE.pdf</subfield>
            <subfield code="y">Anexos (spa)</subfield>
        </datafield>
        <datafield tag="856" ind1="4" ind2=" ">
            <subfield code="s">3791488</subfield>
            <subfield code="u">http://zaguan.unizar.es/record/64670/files/TAZ-TFM-2017-362.pdf</subfield>
            <subfield code="y">Memoria (spa)</subfield>
        </datafield>
        <datafield tag="909" ind1="C" ind2="O">
            <subfield code="o">oai:zaguan.unizar.es:64670</subfield>
            <subfield code="p">driver</subfield>
            <subfield code="p">trabajos-fin-master</subfield>
        </datafield>
        <datafield tag="950" ind1=" " ind2=" ">
            <subfield code="a"></subfield>
        </datafield>
        <datafield tag="951" ind1=" " ind2=" ">
            <subfield code="a">deposita:2018-02-07</subfield>
        </datafield>
        <datafield tag="980" ind1=" " ind2=" ">
            <subfield code="a">TAZ</subfield>
            <subfield code="b">TFM</subfield>
            <subfield code="c">MED</subfield>
        </datafield>
    </record>

    
</collection>